Movies Quiz

Random Movies Quiz

Benedict Cumberbatch Movies Quiz Stats

 Plays Quiz not verified by Sporcle

Challenge
Share
Tweet
Embed
Score 0/36 Timer 10:00
0 Plays Today
Year Movie % Correct
2014The Imitation Game
81.5%
2016Doctor Strange
74.1%
2012The Hobbit: An Unexpected Journey
63%
2013The Hobbit: The Desolation of Smaug
63%
2014The Hobbit: The Battle of The Five Armies
63%
2013Star Trek Into Darkness
55.6%
2006Starter for 10
51.9%
2007Atonement
51.9%
2011War Horse
51.9%
201312 Years a Slave
48.1%
2013The Fifth Estate
48.1%
2015Black Mass
48.1%
2016 (TV episode)Sherlock: The Abominable Bride
48.1%
2011Tinker Tailor Soldier Spy
44.4%
2013August: Osage County
44.4%
2004Hawking
40.7%
2008The Other Boleyn Girl
40.7%
2014Penguins of Madagascar
40.7%
Year Movie % Correct
2010Third Star
33.3%
2003To Kill a King
29.6%
2011Wreckers
29.6%
2004Dunkirk
25.9%
2006Amazing Grace
25.9%
2009Creation
25.9%
2010Four Lions
25.9%
2010The Whistleblower
25.9%
2002Fields of Gold
22.2%
2009Burlesque Fairytales
22.2%
2007Inseperable
18.5%
2016Zoolander 2
18.5%
2017Thor: Ragnarok
0%
2017The Current War
0%
2018Avengers: Infinity War
0%
2018The Grinch
0%
2018Mowgli
0%
2019Avengers: The Endgame
0%

You're not logged in!

Compare scores with friends on all Sporcle quizzes.
Join for Free
OR
Log In

You Might Also Like...

Show Comments

Extras

Top Quizzes Today


Score Distribution

Your Account Isn't Verified!

In order to create a playlist on Sporcle, you need to verify the email address you used during registration. Go to your Sporcle Settings to finish the process.

Report this User

Report this user for behavior that violates our Community Guidelines.

Details: